| 000 | 00000nam 2200000za 4500 |
| 001 | 9.822537 |
| 003 | CaOODSP |
| 005 | 20221107143711 |
| 007 | cr ||||||||||| |
| 008 | 160812s2006 qucabo o f000 0 fre d |
| 020 | |z0-662-72799-1 |
| 040 | |aCaOODSP|bfre |
| 043 | |an-cn--- |
| 086 | 1 |aR64-105/57-2006F-PDF|zR64-105/57-2006F |
| 110 | 2 |aParcs Canada. |
| 245 | 14|aLes lieux historiques nationaux du Canada du Fort-George, des Casernes-de-Butler, du Fort-Mississauga, de l'Île-Navy, des Hauteurs-de-Queenston, du Phare-de-la-Pointe-Mississauga et du Champ-de-Bataille-du-Fort-George |h[ressource électronique] : |bplan directeur. |
| 260 | |a[Gatineau, QC] : |bParcs Canada, |cc2006. |
| 300 | |aiii, 51 p. : |bill., cartes |
| 500 | |aPubl. aussi en anglais sous le titre : Fort George, Butler's Barracks, Fort Mississauga, Navy Island, Queenston Heights, Mississauga Point Lighthouse and Battlefield of Fort George National Historic Sites of Canada: management plan. |
| 500 | |a« Février, 2007. » |
| 530 | |aÉgalement publ. en version imprimée. |
| 692 | 07|2gccst|aLieu historique |
| 692 | 07|2gccst|aGestion |
| 692 | 07|2gccst|aPlanification |
| 775 | 08|tFort George, Butler's Barracks, Fort Mississauga, Navy Island, Queenston Heights, Mississauga Point Lighthouse and Battlefield of Fort George National Historic Sites of Canada |w(CaOODSP)9.822534 |
| 856 | 40|qPDF|s2.88 Mo|uhttps://publications.gc.ca/collections/collection_2016/pc/R64-105-57-2006-fra.pdf |